[Event "Titled Tuesday intern op 06th Feb Late"]
[Site "Chess.com INT"]
[Date "2024.02.06"]
[Round "2"]
[White "Baltic, Fatih"]
[Black "Cieslak, Patryk"]
[Result "0-1"]
[WhiteElo "2259"]
[BlackElo "2300"]
[PlyCount "86"]
[EventDate "2024.02.06"]
[EventType "swiss (blitz)"]
[EventRounds "11"]
[EventCountry "USA"]
[SourceTitle "CB07_2024"]
[SourceDate "2024.02.14"]
[SourceVersion "1"]
[SourceVersionDate "2024.02.14"]
[SourceQuality "1"]

1. e4 g6 2. Nc3 Bg7 3. f4 c6 4. h3 d5 5. e5 h5 6. d4 Nh6 7. Be3 Nf5 8. Bf2 Qb6 9. Rb1 Be6 10. Nf3 a5 11. a3 Bd7 12. Na4 Qa7 13. Be2 e6 14. 0-0 b6 15. c4 dxc4 16. d5 cxd5 17. Nxb6 Qb7 18. Nxa8 Qxa8 19. Nd4 Nxd4 20. Qxd4 Nc6 21. Qc5 Bf8 22. Qb6 Be7 23. Bc5 Bd8 24. Qb5 Nd4 25. Qxd7+ Kxd7 26. Bxd4 Qb7 27. Rf3 Bb6 28. Bxb6 Qxb6+ 29. Kh2 Ke7 30. b3 Rb8 31. Bd1 Qd4 32. Bc2 Qd2 33. bxc4 Rxb1 34. Bxb1 dxc4 35. Be4 Qb2 36. Kg3 c3 37. Rf2 Qxa3 38. Rc2 Qb3 39. Kf3 a4 40. Ke3 a3 41. Kd3 a2 42. Rxc3 Qxc3+ 43. Kxc3 a1Q+ 0-1

[Event "Titled Tuesday intern op 25th Apr Late"]
[Site "Chess.com INT"]
[Date "2023.04.25"]
[Round "11"]
[White "Baltic, Fatih"]
[Black "Kostiukov, Alexandr"]
[Result "1-0"]
[WhiteElo "2267"]
[BlackElo "2271"]
[PlyCount "87"]
[EventDate "2023.04.25"]
[EventType "swiss (blitz)"]
[EventRounds "11"]
[EventCountry "USA"]
[SourceTitle "EXT 2024"]
[Source "ChessBase"]
[SourceDate "2023.10.10"]
[SourceVersion "1"]
[SourceVersionDate "2023.10.10"]
[SourceQuality "1"]

1. e4 c5 2. d4 cxd4 3. c3 g6 4. cxd4 d5 5. e5 Bg7 6. Bb5+ Nc6 7. Bxc6+ bxc6 8. Nc3 Nh6 9. Nge2 0-0 10. 0-0 f6 11. exf6 exf6 12. Bf4 Nf5 13. Na4 g5 14. Bg3 h5 15. h3 Re8 16. Nc5 Nxg3 17. Nxg3 h4 18. Ne2 Bf8 19. Rc1 Bxc5 20. dxc5 Ba6 21. Nd4 Bxf1 22. Qxf1 Qd7 23. Qa6 Rac8 24. b4 Re4 25. Rd1 g4 26. hxg4 Rxg4 27. Qd3 Re8 28. Nf5 Rf4 29. Nd6 Re5 30. a4 Rxb4 31. Qf3 Qg4 32. Qxf6 Qxd1+ 33. Kh2 Qh5 34. Qd8+ Kh7 35. Qd7+ Kh6 36. Nf7+ Kg6 37. Nd6 Rf4 38. Qxc6 Kg5 39. Qd7 Rxf2 40. Qg7+ Qg6 41. Qxe5+ Kh6 42. Qe3+ Qg5 43. Qxf2 d4 44. Nf7+ 1-0

[Event "Titled Tuesday intern op 25th Apr Late"]
[Site "Chess.com INT"]
[Date "2023.04.25"]
[Round "7"]
[White "Karttunen, Mika"]
[Black "Baltic, Fatih"]
[Result "0-1"]
[WhiteElo "2490"]
[BlackElo "2267"]
[PlyCount "92"]
[EventDate "2023.04.25"]
[EventType "swiss (blitz)"]
[EventRounds "11"]
[EventCountry "USA"]
[SourceTitle "EXT 2024"]
[Source "ChessBase"]
[SourceDate "2023.10.10"]
[SourceVersion "1"]
[SourceVersionDate "2023.10.10"]
[SourceQuality "1"]

1. c4 e5 2. Nc3 Nc6 3. Nf3 g6 4. d4 Bg7 5. d5 Nce7 6. e4 d6 7. Be3 h6 8. c5 f5 9. cxd6 cxd6 10. Be2 Nf6 11. Qa4+ Bd7 12. Qb4 Qb8 13. exf5 gxf5 14. Rd1 0-0 15. Nb5 Bxb5 16. Qxb5 Ng4 17. Bd2 Kh7 18. h3 Nf6 19. Bb4 Rd8 20. 0-0 a6 21. Qc4 b5 22. Qb3 a5 23. Be1 b4 24. Bc4 Qb6 25. a3 Rab8 26. axb4 axb4 27. Bd2 Nd7 28. Be3 Nc5 29. Qc2 b3 30. Qb1 Qb4 31. Rc1 Rbc8 32. Bd2 Qb7 33. Rfe1 e4 34. Nh2 Nxd5 35. f3 Nf6 36. Bc3 d5 37. Bxf6 Bxf6 38. Bf1 Qg7 39. g4 Bxb2 40. Rcd1 Be5 41. Kh1 Bxh2 42. Kxh2 b2 43. Re2 Na4 44. Qa2 Nc3 45. Qxb2 Nxd1 46. Qxg7+ Kxg7 0-1

[Event "Staufer op 33rd"]
[Site "Schwaebisch Gmuend"]
[Date "2023.01.03"]
[Round "3"]
[White "Baltic, Fatih"]
[Black "Jansen, Dirk Norbert"]
[Result "1/2-1/2"]
[WhiteElo "2298"]
[BlackElo "2114"]
[PlyCount "81"]
[EventDate "2023.01.02"]
[EventType "swiss"]
[EventRounds "9"]
[EventCountry "GER"]
[SourceTitle "CBM 212 Extra"]
[Source "ChessBase"]
[SourceDate "2023.03.31"]
[SourceVersion "1"]
[SourceVersionDate "2023.03.31"]
[SourceQuality "1"]

1. e4 c5 2. Nf3 d6 3. d3 Nc6 4. g3 g6 5. Bg2 Bg7 6. 0-0 Nf6 7. Re1 0-0 8. Nbd2 Qc7 9. a4 b6 10. e5 Ne8 11. exd6 Nxd6 12. Qe2 Bb7 13. c3 Rfe8 14. Nf1 Rad8 15. Ne3 Na5 16. Nd2 Ba6 17. Nd5 Qd7 18. Nf3 e6 19. Nf4 e5 20. Nd5 e4 21. Bg5 exf3 22. Qxf3 Rxe1+ 23. Rxe1 Re8 24. Re7 Rxe7 25. Nxe7+ Kf8 26. Qa8+ Nc8 27. Nxc8 Bxc8 28. b4 cxb4 29. cxb4 Nb3 30. Bc6 Qf5 31. Bb7 Qxg5 32. Qxc8+ Ke7 33. Qc7+ Kf8 34. Qc8+ Ke7 35. Bc6 Qc1+ 36. Kg2 Be5 37. Qe8+ Kf6 38. Qh8+ Ke6 39. Qc8+ Kf6 40. Qh8+ Ke6 41. Qc8+ 1/2-1/2

[Event "BL2-West 2223"]
[Site "Germany"]
[Date "2022.11.27"]
[Round "4.7"]
[White "Baltic, Fatih"]
[Black "Fischdick, Gisela"]
[Result "1-0"]
[WhiteElo "2271"]
[BlackElo "2213"]
[PlyCount "71"]
[EventDate "2022.10.22"]
[EventType "team-tourn"]
[EventRounds "10"]
[EventCountry "GER"]
[SourceTitle "EXT 2024"]
[Source "ChessBase"]
[SourceDate "2023.10.10"]
[SourceVersion "1"]
[SourceVersionDate "2023.10.10"]
[SourceQuality "1"]
[WhiteTeam "Muelheim Nord II"]
[BlackTeam "Duesseldorf"]
[WhiteTeamCountry "GER"]
[BlackTeamCountry "GER"]

1. Nf3 d5 2. g3 Nf6 3. Bg2 c6 4. 0-0 Bg4 5. Ne5 Bf5 6. d3 e6 7. Nd2 Nbd7 8. Nxd7 Qxd7 9. e4 dxe4 10. dxe4 Bg6 11. h3 Be7 12. Qe2 0-0 13. Nc4 Rfd8 14. f4 Bxe4 15. Ne5 Qd4+ 16. Be3 Qxb2 17. Rab1 Qxc2 18. Qxc2 Bxc2 19. Rxb7 Bf8 20. Rxf7 Nd5 21. Bf2 a6 22. Rb7 Rdb8 23. Rxb8 Rxb8 24. Nxc6 Rb2 25. Nd4 Rxa2 26. f5 Nf6 27. fxe6 Ba4 28. Rc1 Be8 29. Bf3 a5 30. Rc8 Be7 31. Nf5 Kf8 32. Rc7 Ra3 33. Kg2 Rxf3 34. Kxf3 Nd5 35. Rxe7 Nxe7 36. Bc5 1-0

[Event "NED-chT 2122"]
[Site "Netherlands"]
[Date "2022.04.23"]
[Round "9.7"]
[White "Baltic, Fatih"]
[Black "Geurink, Jasper"]
[Result "0-1"]
[WhiteElo "2303"]
[BlackElo "2269"]
[PlyCount "126"]
[EventDate "2021.09.18"]
[EventType "team-tourn"]
[EventRounds "9"]
[EventCountry "NED"]
[SourceTitle "EXT 2023"]
[Source "ChessBase"]
[SourceDate "2022.10.05"]
[SourceVersion "1"]
[SourceVersionDate "2022.10.05"]
[SourceQuality "1"]
[WhiteTeam "Zuid Limburg"]
[BlackTeam "Groningen Combinatie"]
[WhiteTeamCountry "NED"]
[BlackTeamCountry "NED"]

1. Nf3 f5 2. g3 Nf6 3. Bg2 e6 4. 0-0 d5 5. d3 Nc6 6. Re1 Bc5 7. d4 Bd6 8. c4 0-0 9. a3 a5 10. Nc3 dxc4 11. Qa4 e5 12. Qxc4+ Kh8 13. d5 Ne7 14. Ng5 e4 15. Ne6 Bxe6 16. dxe6 c6 17. Qb3 b5 18. Rd1 a4 19. Qc2 Qb8 20. Qd2 Ned5 21. Nxd5 cxd5 22. Qg5 g6 23. Be3 Be5 24. Bc5 Re8 25. f4 exf3 26. exf3 Rxe6 27. f4 Bc7 28. Kh1 Kg7 29. Bd4 h6 30. Qh4 Bb6 31. Be5 Rxe5 32. fxe5 Qxe5 33. Re1 Ne4 34. Bxe4 dxe4 35. Rad1 Ra7 36. Re2 g5 37. Qh3 Rf7 38. Qg2 Ba5 39. g4 Re7 40. gxf5 Qxf5 41. Rf1 Qd5 42. h4 Bb6 43. Rfe1 Ba5 44. Rf1 Re5 45. Ref2 e3 46. Rf7+ Kg6 47. h5+ Kxh5 48. R1f3 Qd1+ 49. Kh2 Qd2 50. R7f6 Qxg2+ 51. Kxg2 g4 52. R3f5+ Rxf5 53. Rxf5+ Kg6 54. Re5 Bd2 55. Kf1 h5 56. Rxb5 h4 57. Rb8 h3 58. Rh8 Kf5 59. Rh7 Kf4 60. Rf7+ Ke4 61. Rg7 Kd3 62. Rd7+ Kc2 63. Rg7 Kd1 0-1

[Event "Heusenstamm Sparkassen op-A 7th"]
[Site "Heusenstamm"]
[Date "2021.11.20"]
[Round "5.10"]
[White "Eilenberg, Jonas"]
[Black "Baltic, Fatih"]
[Result "1/2-1/2"]
[WhiteElo "2124"]
[BlackElo "2303"]
[PlyCount "62"]
[EventDate "2021.11.18"]
[EventType "swiss"]
[EventRounds "7"]
[EventCountry "GER"]
[SourceTitle "EXT 2023"]
[Source "ChessBase"]
[SourceDate "2022.10.05"]
[SourceVersion "1"]
[SourceVersionDate "2022.10.05"]
[SourceQuality "1"]

1. d4 Nf6 2. Nf3 d5 3. e3 g6 4. b4 a5 5. b5 Bg7 6. Nbd2 c5 7. bxc6 bxc6 8. Ba3 Ba6 9. Be2 Bxe2 10. Qxe2 Nbd7 11. Rb1 0-0 12. 0-0 Re8 13. Rb7 e5 14. Nxe5 Nxe5 15. dxe5 Rxe5 16. Rfb1 Bf8 17. Nf3 Re4 18. Bxf8 Qxf8 19. Nd4 Qe8 20. Qf3 Kg7 21. h3 Re7 22. Qf4 Rc8 23. Nf5+ gxf5 24. Qg5+ Kf8 25. Qxf6 Rxb7 26. Rxb7 Kg8 27. Qg5+ Kf8 28. Qf6 Kg8 29. e4 fxe4 30. Qg5+ Kh8 31. Qf6+ Kg8 1/2-1/2

[Event "Titled Tuesday intern op 05th Oct"]
[Site "Chess.com INT"]
[Date "2021.10.05"]
[Round "4"]
[White "Baltic, Fatih"]
[Black "Ferreira, Vitor Hugo Vieira"]
[Result "0-1"]
[WhiteElo "2288"]
[BlackElo "2123"]
[PlyCount "158"]
[EventDate "2021.10.05"]
[EventType "swiss (blitz)"]
[EventRounds "11"]
[EventCountry "USA"]
[SourceTitle "CBM 204 Extra"]
[Source "ChessBase"]
[SourceDate "2021.11.30"]
[SourceVersion "1"]
[SourceVersionDate "2021.11.30"]
[SourceQuality "1"]

1. d4 d5 2. c4 c6 3. cxd5 cxd5 4. Bf4 Qb6 5. Nc3 Nf6 6. e3 e6 7. a3 Bd6 8. Bxd6 Qxd6 9. Nf3 0-0 10. Bd3 Nc6 11. 0-0 e5 12. dxe5 Nxe5 13. h3 Bd7 14. Rc1 a6 15. Nd4 Rad8 16. Bb1 Rfe8 17. Nf5 Qb6 18. Qe2 Ng6 19. Rfd1 Be6 20. Na4 Qa5 21. Nc5 Bc8 22. Qd2 Qb6 23. Qd4 h6 24. b4 Ne5 25. Nb3 Qe6 26. Nc5 Qb6 27. Nb3 Qxd4 28. Rxd4 Nc4 29. a4 h5 30. Rcd1 g6 31. Ng3 b6 32. e4 Bb7 33. exd5 Rxd5 34. Rxd5 Bxd5 35. Nd4 Bb7 36. b5 a5 37. Nc6 Bxc6 38. bxc6 Rc8 39. Rc1 Rxc6 40. Bd3 Ne5 41. Rxc6 Nxc6 42. Bb5 Nd4 43. Ne2 Nxb5 44. axb5 Nd5 45. Nd4 a4 46. Nc2 Nc3 47. Kf1 Nxb5 48. Nb4 Nc3 49. Ke1 Kf8 50. Kd2 Ne4+ 51. Ke3 Nc5 52. Kd2 Ke7 53. Kc3 Kd6 54. Kc4 Ne4 55. Kb5 a3 56. Nc2 a2 57. Kxb6 Kd5 58. Kb5 Nxf2 59. Kb4 Nd1 60. Kb3 Ke4 61. Kxa2 Ne3 62. Ne1 Kf4 63. Kb3 Kg3 64. Kc3 Nxg2 65. Nd3 Kxh3 66. Kd2 Kg3 67. Ke2 Nf4+ 68. Nxf4 Kxf4 69. Kf1 g5 70. Kg2 g4 71. Kh2 h4 72. Kg2 g3 73. Kg1 Kg4 74. Kg2 h3+ 75. Kg1 Kf3 76. Kh1 g2+ 77. Kg1 h2+ 78. Kxh2 Kf2 79. Kh3 g1Q 0-1

[Event "Titled Tuesday intern op 05th Oct"]
[Site "Chess.com INT"]
[Date "2021.10.05"]
[Round "7"]
[White "Baltic, Fatih"]
[Black "Pasti, Aron"]
[Result "0-1"]
[WhiteElo "2288"]
[BlackElo "2253"]
[PlyCount "74"]
[EventDate "2021.10.05"]
[EventType "swiss (blitz)"]
[EventRounds "11"]
[EventCountry "USA"]
[SourceTitle "CBM 204 Extra"]
[Source "ChessBase"]
[SourceDate "2021.11.30"]
[SourceVersion "1"]
[SourceVersionDate "2021.11.30"]
[SourceQuality "1"]

1. d4 d5 2. c4 e6 3. Nc3 Nf6 4. Nf3 dxc4 5. e4 b5 6. e5 Nd5 7. Nxb5 Nb6 8. Be2 Nc6 9. 0-0 Be7 10. Qd2 0-0 11. Qf4 Rb8 12. Nc3 Nb4 13. Bd2 Kh8 14. Qg3 Bb7 15. Rad1 N4d5 16. Ne4 Ne3 17. fxe3 Bxe4 18. h4 Na4 19. Bxc4 Nxb2 20. Qf4 Bxf3 21. Rxf3 Nxc4 22. Be1 f6 23. Qg4 Nxe5 24. Qg3 Nxf3+ 25. Qxf3 Qd5 26. Qe2 f5 27. Bg3 Bd6 28. Bf2 Qe4 29. h5 f4 30. h6 Rg8 31. d5 gxh6 32. Bh4 Be5 33. Qf2 Rb2 34. Rd2 Rxd2 35. Qxd2 fxe3 36. Qe2 Qxh4 37. Qxe3 Qf4 0-1

[Event "Titled Tuesday intern op 05th Oct"]
[Site "Chess.com INT"]
[Date "2021.10.05"]
[Round "5"]
[White "Baltic, Fatih"]
[Black "Sharapov, Evgeny"]
[Result "0-1"]
[WhiteElo "2288"]
[BlackElo "2380"]
[PlyCount "102"]
[EventDate "2021.10.05"]
[EventType "swiss (blitz)"]
[EventRounds "11"]
[EventCountry "USA"]
[SourceTitle "CBM 204 Extra"]
[Source "ChessBase"]
[SourceDate "2021.11.30"]
[SourceVersion "1"]
[SourceVersionDate "2021.11.30"]
[SourceQuality "1"]

1. d4 d5 2. c4 c6 3. cxd5 cxd5 4. Nc3 Nf6 5. Bf4 Nc6 6. e3 a6 7. Bd3 Bg4 8. Nge2 e6 9. f3 Bh5 10. 0-0 Be7 11. Rc1 0-0 12. Na4 Bg6 13. Nc5 Bxc5 14. Rxc5 Bxd3 15. Qxd3 Nd7 16. Rcc1 Qb6 17. a3 Rfc8 18. Rc2 Na7 19. Rfc1 Rxc2 20. Rxc2 Rc8 21. Rxc8+ Nxc8 22. Qc2 Qc6 23. Qxc6 bxc6 24. Nc3 Ncb6 25. b3 c5 26. dxc5 Nxc5 27. b4 Nca4 28. Nxa4 Nxa4 29. Kf2 Kf8 30. Ke2 Ke7 31. Kd3 Kd7 32. e4 Kc6 33. Kd4 dxe4 34. fxe4 f6 35. h4 e5+ 36. Bxe5 fxe5+ 37. Kxe5 Kd7 38. g4 Nb6 39. Kd4 Kd6 40. e5+ Ke6 41. Kc5 Nd5 42. a4 Kxe5 43. b5 axb5 44. a5 b4 45. a6 b3 46. Kc6 Nb4+ 47. Kb5 Nxa6 48. Kxa6 b2 49. g5 b1Q 50. g6 hxg6 51. h5 gxh5 0-1

[Event "GER-ch Net Amateur Gr-A Final"]
[Site "Playchess.com INT"]
[Date "2020.04.18"]
[Round "8"]
[White "Baltic, Fatih"]
[Black "Hoffmann, Hendrik"]
[Result "1-0"]
[WhiteElo "2375"]
[BlackElo "2151"]
[PlyCount "103"]
[EventDate "2020.04.18"]
[EventType "swiss (blitz)"]
[EventRounds "13"]
[EventCountry "GER"]
[SourceTitle "CBM 195 Extra"]
[Source "ChessBase"]
[SourceDate "2020.05.31"]
[SourceVersion "1"]
[SourceVersionDate "2020.05.31"]
[SourceQuality "1"]

1. Nf3 d5 2. g3 Nf6 3. Bg2 c5 4. d3 d4 5. 0-0 Nc6 6. e4 dxe3 7. Bxe3 e6 8. h3 Be7 9. Na3 0-0 10. Nc4 Nd4 11. a4 Nf5 12. Bd2 Nd5 13. Nfe5 f6 14. Nf3 e5 15. c3 Nd6 16. Nfxe5 Nxc4 17. Nxc4 Kh8 18. Qh5 Be6 19. Rae1 Bf7 20. Qd1 Qc7 21. f4 Rad8 22. Qf3 b6 23. Bc1 a6 24. g4 b5 25. axb5 axb5 26. Ne3 Nxe3 27. Rxe3 Bd6 28. h4 Rde8 29. h5 Rxe3 30. Bxe3 Re8 31. Bd2 b4 32. h6 gxh6 33. Ra1 Rf8 34. Ra6 Rg8 35. Kf2 Qd7 36. Bh3 Bb8 37. Rxf6 Bg6 38. f5 Bf7 39. Rxh6 c4 40. Be3 Be5 41. Qe4 Re8 42. Re6 Bxe6 43. Qxe5+ Qg7 44. Qxg7+ Kxg7 45. fxe6 bxc3 46. bxc3 cxd3 47. g5 Kg6 48. Ke1 Kh5 49. Kd2 h6 50. gxh6 Kh4 51. Bf5 Kg3 52. Kxd3 1-0

[Event "GER-ch Net Amateur Gr-A Final"]
[Site "Playchess.com INT"]
[Date "2020.04.18"]
[Round "10"]
[White "Baltic, Fatih"]
[Black "Schulz, Karsten"]
[Result "1/2-1/2"]
[WhiteElo "2375"]
[BlackElo "2203"]
[PlyCount "77"]
[EventDate "2020.04.18"]
[EventType "swiss (blitz)"]
[EventRounds "13"]
[EventCountry "GER"]
[SourceTitle "CBM 195 Extra"]
[Source "ChessBase"]
[SourceDate "2020.05.31"]
[SourceVersion "1"]
[SourceVersionDate "2020.05.31"]
[SourceQuality "1"]

1. Nf3 g6 2. g3 Bg7 3. Bg2 c5 4. 0-0 Nc6 5. c4 e6 6. Nc3 Nge7 7. e3 0-0 8. b3 b6 9. Bb2 Bb7 10. a3 d5 11. cxd5 Nxd5 12. Qc2 Rc8 13. Nxd5 Bxb2 14. Qxb2 Qxd5 15. d4 cxd4 16. Nxd4 Qd7 17. Rfd1 Rfd8 18. Qe2 Nxd4 19. Rxd4 Qe7 20. Rxd8+ Rxd8 21. Bxb7 Qxb7 22. Rc1 Qd5 23. Rc4 Qd1+ 24. Qxd1 Rxd1+ 25. Kg2 Rd3 26. Ra4 Rxb3 27. Rxa7 b5 28. g4 g5 29. Kg3 Kg7 30. h4 h6 31. h5 b4 32. axb4 Rxb4 33. f4 gxf4+ 34. exf4 Rb3+ 35. Kh4 Rb4 36. Kg3 Rb3+ 37. Kf2 Rb4 38. Kf3 Rb3+ 39. Kg2 1/2-1/2

[Event "GER-ch Net Amateur Gr-A Final"]
[Site "Playchess.com INT"]
[Date "2020.04.18"]
[Round "12"]
[White "Baltic, Fatih"]
[Black "Serrer, Christoph"]
[Result "1-0"]
[WhiteElo "2375"]
[BlackElo "2109"]
[PlyCount "109"]
[EventDate "2020.04.18"]
[EventType "swiss (blitz)"]
[EventRounds "13"]
[EventCountry "GER"]
[SourceTitle "CBM 195 Extra"]
[Source "ChessBase"]
[SourceDate "2020.05.31"]
[SourceVersion "1"]
[SourceVersionDate "2020.05.31"]
[SourceQuality "1"]

1. Nf3 Nf6 2. g3 c5 3. Bg2 g6 4. d3 Bg7 5. 0-0 0-0 6. e4 Nc6 7. Re1 d6 8. Nbd2 Rb8 9. a4 a6 10. e5 dxe5 11. Nxe5 Nxe5 12. Rxe5 Qc7 13. Re1 Bg4 14. Nf3 Rbd8 15. h3 Bc8 16. Bf4 Qb6 17. Ne5 Be6 18. a5 Qa7 19. Qe2 Bd5 20. Nc4 Bxg2 21. Kxg2 Nd5 22. Bd2 Rfe8 23. Ra3 b5 24. axb6 Nxb6 25. Nxb6 Qxb6 26. Ba5 Qc6+ 27. Qf3 Qxf3+ 28. Kxf3 Rd6 29. b3 Bd4 30. Kg2 Rf6 31. Re2 Rc6 32. Bd2 e6 33. Be3 Bxe3 34. Rxe3 Rb8 35. Re1 Rbb6 36. Rea1 Kf8 37. f4 Ke7 38. Kf3 Kd6 39. g4 f5 40. g5 e5 41. fxe5+ Kxe5 42. Ra4 Kd5 43. Re1 Re6 44. Rea1 Rec6 45. h4 Kd6 46. Re1 Kd5 47. Re8 Rb4 48. Re7 Rxh4 49. Rxh4 Rb6 50. Rexh7 a5 51. Rg7 Rd6 52. Rh6 Kd4 53. Rhxg6 Rd8 54. Rc6 Rd5 55. Rgc7 1-0

[Event "GER-ch Net Amateur Gr-A Final"]
[Site "Playchess.com INT"]
[Date "2020.04.18"]
[Round "3"]
[White "Fuchs, Heinz"]
[Black "Baltic, Fatih"]
[Result "0-1"]
[WhiteElo "2079"]
[BlackElo "2375"]
[PlyCount "50"]
[EventDate "2020.04.18"]
[EventType "swiss (blitz)"]
[EventRounds "13"]
[EventCountry "GER"]
[SourceTitle "CBM 195 Extra"]
[Source "ChessBase"]
[SourceDate "2020.05.31"]
[SourceVersion "1"]
[SourceVersionDate "2020.05.31"]
[SourceQuality "1"]

1. c4 Nf6 2. Nc3 g6 3. e4 d6 4. d4 Bg7 5. Nf3 0-0 6. Be2 e5 7. 0-0 Nbd7 8. Be3 Qe7 9. Qc2 c6 10. Rad1 exd4 11. Nxd4 Re8 12. Rfe1 Nxe4 13. Nxe4 Qxe4 14. Bd3 Qh4 15. Nf3 Qd8 16. Bg5 Rxe1+ 17. Rxe1 Nf6 18. Qd2 Bg4 19. Qf4 Bxf3 20. Qxf3 Qa5 21. Qe3 Ng4 22. Qc1 Bxb2 23. Qb1 Bc3 24. Rc1 Qxg5 25. Rxc3 Qe5 0-1

[Event "GER-ch Net Amateur Gr-A Final"]
[Site "Playchess.com INT"]
[Date "2020.04.18"]
[Round "9"]
[White "Schneider, Bernd"]
[Black "Baltic, Fatih"]
[Result "0-1"]
[WhiteElo "2516"]
[BlackElo "2375"]
[PlyCount "138"]
[EventDate "2020.04.18"]
[EventType "swiss (blitz)"]
[EventRounds "13"]
[EventCountry "GER"]
[SourceTitle "CBM 195 Extra"]
[Source "ChessBase"]
[SourceDate "2020.05.31"]
[SourceVersion "1"]
[SourceVersionDate "2020.05.31"]
[SourceQuality "1"]

1. c4 Nf6 2. Nc3 g6 3. g3 c5 4. Bg2 Bg7 5. Nf3 Nc6 6. d4 cxd4 7. Nxd4 0-0 8. Nc2 d6 9. 0-0 Be6 10. b3 a6 11. Bb2 Qd7 12. Nd5 Bxd5 13. cxd5 Na7 14. e4 Rac8 15. Rc1 Nb5 16. Ne3 Rxc1 17. Qxc1 Rc8 18. Qd2 Ne8 19. Bxg7 Nxg7 20. a4 Nc3 21. Ra1 b5 22. Kh1 b4 23. Nc4 Qa7 24. a5 Qc5 25. f3 f5 26. Bh3 Rf8 27. e5 dxe5 28. Nxe5 Qd6 29. Nc6 e6 30. Re1 Nxd5 31. Ne5 Rc8 32. f4 Rc3 33. Bg2 Qc5 34. Nd7 Qb5 35. Bxd5 Qxd5+ 36. Qxd5 exd5 37. Re7 Rxb3 38. Nf6+ Kf8 39. Rc7 Ne6 40. Nxh7+ Ke8 41. Nf6+ Kd8 42. Rd7+ Kc8 43. Rxd5 Rc3 44. Rd6 Nc5 45. Nd5 Rc1+ 46. Kg2 b3 47. Rb6 Rc2+ 48. Kh3 b2 49. Ne7+ Kd7 50. Nxg6 Na4 51. Ne5+ Ke7 52. Rb7+ Kd6 53. Nd3 Rd2 54. Nxb2 Rxb2 55. Ra7 Nc5 56. Rf7 Ke6 57. Rc7 Rb5 58. Kh4 Rxa5 59. Kg5 Ne4+ 60. Kg6 Rc5 61. Ra7 a5 62. Ra6+ Nd6 63. h4 Rc3 64. Rxa5 Rxg3+ 65. Kh5 Rg4 66. Re5+ Kf6 67. Rd5 Ne4 68. Ra5 Ng3+ 69. Kh6 Rxh4# 0-1

[Event "GER-ch Net Amateur Gr-A Final"]
[Site "Playchess.com INT"]
[Date "2020.04.18"]
[Round "5"]
[White "Wichmann, Cliff"]
[Black "Baltic, Fatih"]
[Result "0-1"]
[WhiteElo "2155"]
[BlackElo "2375"]
[PlyCount "66"]
[EventDate "2020.04.18"]
[EventType "swiss (blitz)"]
[EventRounds "13"]
[EventCountry "GER"]
[SourceTitle "CBM 195 Extra"]
[Source "ChessBase"]
[SourceDate "2020.05.31"]
[SourceVersion "1"]
[SourceVersionDate "2020.05.31"]
[SourceQuality "1"]

1. d4 Nf6 2. Nf3 g6 3. c4 Bg7 4. Nc3 d5 5. cxd5 Nxd5 6. e4 Nxc3 7. bxc3 c5 8. Rb1 Nc6 9. d5 Na5 10. Bb5+ Bd7 11. 0-0 Bxb5 12. Rxb5 b6 13. e5 Qd7 14. Rb2 Nc4 15. Re2 0-0 16. Qd3 b5 17. Bf4 Rad8 18. Rd1 Rfe8 19. h3 Nb6 20. Red2 Nc4 21. Re2 Qf5 22. Qxf5 gxf5 23. Ree1 Nb6 24. d6 exd6 25. exd6 Rxe1+ 26. Rxe1 Bxc3 27. Rc1 b4 28. Rd1 c4 29. Ne5 Bxe5 30. Bxe5 c3 31. Bf6 c2 32. Rc1 Rxd6 33. Be7 Rd1+ 0-1